Oh fauk its faulkner Quiz Stats

 Plays Quiz not verified by Sporcle

Challenge
Share
Tweet
Embed
Score 0/17 Timer 10:00
0 Plays Today
% Correct
Old Ben
88.9%
lion
88.9%
Boon
88.9%
lion
77.8%
Isaac
77.8%
16
66.7%
squirrels
66.7%
hogganbeck
55.6%
major de spain
44.4%
% Correct
mastiff
44.4%
Mcaslin
33.3%
thomas sutpen
33.3%
ikkemotubbe
33.3%
throat
33.3%
morgan freeman
33.3%
mcaslin
22.2%
0%

You're not logged in!

Compare scores with friends on all Sporcle quizzes.
Join for Free
OR
Log In

You Might Also Like...

Show Comments

Extras

Created Dec 6, 2011ReportNominate
Tags:faulkner

Top Quizzes Today


Score Distribution

Your Account Isn't Verified!

In order to create a playlist on Sporcle, you need to verify the email address you used during registration. Go to your Sporcle Settings to finish the process.

Report this User

Report this user for behavior that violates our Community Guidelines.

Details: